The Legend of Zelda: Ocarina of Time - All Enemies - Statistics

General Stats
  • This quiz has been taken 20 times
  • The average score is 39 of 92
Answer Stats
Answer % Correct
Bongo Bongo
100%
Ganon
100%
Twinrova
100%
Ganondorf
93%
King Dodongo
93%
Bari
86%
Barinade
86%
Keese
86%
Morpha
86%
Phantom Ganon
86%
Stalfos
86%
Volvagia
86%
Wolfos
86%
Lizalfos
79%
Queen Gohma
79%
Deku Baba
71%
Poe
71%
ReDead
71%
Skulltula
71%
White Wolfos
71%
Dead Hand
64%
Gibdo
64%
Moblin
64%
Wallmaster
64%
Armos
57%
Dark Link
57%
Dodongo
57%
Iron Knuckle
57%
Big Octo
50%
Deku Scrub
50%
Fire Keese
50%
Gold Skulltula
50%
Guay
50%
Like Like
50%
Octorok
50%
Amy
43%
Beamos
43%
Big Poe
43%
Flare Dancer
43%
Floormaster
43%
Ice Keese
43%
Meg
43%
Stalchild
43%
Baby Dodongo
36%
Beth
36%
Blue Bubble
36%
Dinolfos
36%
Giant Skulltula
36%
Green Bubble
36%
Red Bubble
36%
Spike
36%
Blade Trap
29%
Freezard
29%
Gerudo Guard
29%
Gohma Larva
29%
Joelle
29%
Leever
29%
Red Tektite
29%
Skullwalltula
29%
Anubis
21%
Biri
21%
Business Scrub
21%
Club Moblin
21%
Flat
21%
Gerudo Thief
21%
Peahat
21%
Shabom
21%
Sharp
21%
Shell Blade
21%
Skull Kid
21%
Torch Slug
21%
White Bubble
21%
Big Deku Baba
14%
Blue Tektike
14%
Boulder
14%
Guillotine
14%
Mad Scrub
14%
Parasitic Tentacle
14%
Peahat Larva
14%
Spiked Log Trap
14%
Stinger
14%
Tailpasaran
14%
Trap Door
14%
Crazy Floor Tile
7%
Fire Eye
7%
Flame Wall
7%
Floor Spikes
7%
Flying Pot
7%
Ice Scythe
7%
Magma Bomb
7%
Reaper Blade
7%
Toxic Water
7%
No matching quizzes found
Score Distribution
Percent of People with Each Score
Percentile by Number Answered
Your Score History
You have not taken this quiz